LEADER 01600nam 2200445Ia 450 001 9910696947703321 005 20230902161818.0 035 $a(CKB)5470000002383415 035 $a(OCoLC)551158769 035 $a(EXLCZ)995470000002383415 100 $a20100311d1999 ua 0 101 0 $aeng 135 $auran||||||||| 181 $ctxt$2rdacontent 182 $cc$2rdamedia 183 $acr$2rdacarrier 200 00$aGuidance for industry$b[electronic resource] $eproduct name placement, size, and prominence in advertising and promotional labeling 210 1$aRockville, MD :$cU.S. Dept. of Health and Human Services, Food and Drug Administration, Center for Drug Evaluation and Research,$d[1999] 215 $a1 electronic resource (5 pages) 300 $a"Center for Biologics Evaluation and Research (CBER)." 300 $a"Center for Veterinary Medicine (CVM)." 300 $a"Draft guidance." 300 $a"DDMAC#." 300 $a"January 1999." 517 $aGuidance for industry 606 $aDrugs$xLabeling$zUnited States 606 $aAdvertising$xDrugs$zUnited States 606 $aBiologicals$xLabeling$zUnited States 615 0$aDrugs$xLabeling 615 0$aAdvertising$xDrugs 615 0$aBiologicals$xLabeling 712 02$aCenter for Drug Evaluation and Research (U.S.) 712 02$aCenter for Biologics Evaluation and Research (U.S.) 712 02$aCenter for Veterinary Medicine (U.S.) 801 0$bGPO 801 1$bGPO 906 $aBOOK 912 $a9910696947703321 996 $aGuidance for industry$93434577 997 $aUNINA